[Event "8th RTU Open 2018"]
[Site "Riga"]
[Date "2018.08.11"]
[Round "8"]
[White "Pultinevicius, Paulius"]
[Black "Petrosyan, Manuel"]
[Result "0-1"]
[WhiteElo "2452"]
[BlackElo "2567"]
[Annotator "ChessBase"]
[PlyCount "68"]
[EventDate "2018.08.06"]
[EventType "swiss"]
[EventCountry "LAT"]
[SourceTitle "playchess.com"]
[Source "ChessBase"]
[SourceQuality "1"]
[TimeControl "5400+30"]

1. d4 {[%emt 0:01:16]} Nf6 {[%emt 0:00:00]} 2. c4 {[%emt 0:00:05]} e6 {[%emt 0:00:00]} 3. Nf3 {[%emt 0:00:03]} b6 {[%emt 0:00:00]} 4. a3 {[%emt 0:00:07]} Bb7 {[%emt 0:00:00]} 5. Nc3 {[%emt 0:00:06]} d5 {[%emt 0:00:08]} 6. cxd5 {[%emt 0:00:05]} Nxd5 {[%emt 0:00:05]} 7. e3 {[%emt 0:00:05]} Nd7 {[%emt 0:01:37]} 8. Bd3 {[%emt 0:00:32]} c5 {[%emt 0:03:01]} 9. e4 {[%emt 0:05:02]} Nxc3 {[%emt 0:00:49]} 10. bxc3 {[%emt 0:00:14]} Qc7 {[%emt 0:00:47]} 11. O-O {[%emt 0:00:45]} Be7 {[%emt 0:00:09]} 12. Qe2 {[%emt 0:04:23]} O-O {[%emt 0:00:10]} 13. Bb2 {[%emt 0:01:01]} Rac8 {[%emt 0:00:32]} 14. Nd2 {[%emt 0:00:48]} Rfd8 {[%emt 0:01:48]} 15. a4 {[%emt 0:01:02]} Ne5 {[%emt 0:12:31]} 16. Bb5 {[%emt 0:10:29]} cxd4 {[%emt 0:05:29]} 17. cxd4 {[%emt 0:00:05]} Qc2 {[%emt 0:01:03]} 18. Rab1 {[%emt 0:03:47]} Bb4 {[%emt 0:05:49]} 19. d5 {[%emt 0:11:36]} Ng6 {[%emt 0:07:40]} 20. Bc1 {[%emt 0:16:39]} Bc3 {[%emt 0:00:30]} 21. dxe6 {[%emt 0:21:32]} Bxd2 {[%emt 0:05:20]} 22. exf7+ {[%emt 0:00:20]} Kxf7 {[%emt 0:01:57]} 23. Qf3+ {[%emt 0:00:39]} Kg8 {[%emt 0:00:45]} 24. Rb2 {[%emt 0:01:30]} Qxc1 {[%emt 0:04:13]} 25. Qb3+ {[%emt 0:00:42]} Kh8 {[%emt 0:04:27]} 26. Rxc1 {[%emt 0:00:09]} Rxc1+ {[%emt 0:00:10]} 27. Bf1 {[%emt 0:00:05]} Ba6 {[%emt 0:00:22]} 28. Rb1 {[%emt 0:00:05]} Rdc8 {[%emt 0:00:10]} 29. Qb2 {[%emt 0:01:45]} Rxb1 {[%emt 0:00:27]} 30. Qxb1 {[%emt 0:00:05]} Rc1 {[%emt 0:00:51]} 31. Qxc1 {[%emt 0:00:08]} Bxc1 {[%emt 0:00:05]} 32. Bxa6 {[%emt 0:00:04]} Kg8 {[%emt 0:00:16]} 33. g3 {[%emt 0:00:12]} Ne5 {[%emt 0:00:40]} 34. Bb5 {[%emt 0:00:26]} g5 {[%emt 0:00:10]} 0-1

[Event "8th RTU Open 2018"]
[Site "Riga"]
[Date "2018.08.11"]
[Round "8"]
[White "Garriga Cazorla, Pere"]
[Black "Stocek, Jiri"]
[Result "1-0"]
[WhiteElo "2444"]
[BlackElo "2582"]
[Annotator "TA"]
[PlyCount "77"]
[EventDate "2018.08.06"]
[EventType "swiss"]
[EventCountry "LAT"]
[SourceTitle "playchess.com"]
[Source "ChessBase"]
[SourceQuality "1"]

{[%evp 16,77,46,12,49,37,44,25,35,35,38,0,27,27,36,-12,7,1,42,37,34,34,38,41,35,39,31,0,43,35,58,16,16,18,30,-26,-21,-58,-48,-57,85,62,89,40,295,298,323,328,316,281,618,565,1154,1158,1129,1073,1645,1508,1935,1847,1734,1698,1276,1227]} 1. d4 Nf6 2. c4 e6 3. Nc3 Bb4 4. Qc2 O-O 5. Nf3 d6 6. Bd2 Re8 {E32: Nimzo-Indian: Classical (4 Qc2): 4...0-0} (6... c5 7. dxc5 Bxc5 8. e3 Nc6 9. a3 a6 10. Bd3 Ba7 11. O-O h6 12. h3 Qe7 13. Rad1 Bd7 14. Rfe1 Rac8 {0-1 (39) Nihal,S (2551)-Jakovenko,D (2749) Ankara 2018}) 7. a3 Bxc3 8. Bxc3 Nbd7 9. e3 {LiveBook: 5 Games} Qe7 $146 ({Predecessor:} 9... e5 10. Be2 Qe7 11. dxe5 dxe5 12. Nd2 Nf8 13. Ne4 Bf5 14. Bd3 Nxe4 15. Bxe4 Bxe4 16. Qxe4 {½-½ (43) Gonda,L (2490)-Ivanisevic,I (2641) Hungary 2016}) 10. b4 e5 11. Be2 e4 12. Nd2 d5 13. Bb2 Nf8 14. cxd5 Nxd5 15. h4 h6 16. Nc4 Bf5 17. g4 Bh7 18. O-O-O {[%cal Be1c1,Bc1b1,Bb1a1][%mdl 32]} c6 19. Rdg1 Ne6 20. Kb1 f6 21. Qb3 Bg6 22. Ka1 a6 23. Rc1 Rad8 24. Bf1 Nf8 25. Bh3 ({White should try} 25. Qc2) 25... Bf7 $11 26. Qc2 Ng6 $1 27. g5 fxg5 (27... Nxh4 $15 28. gxh6 g5) 28. hxg5 $16 Qxg5 29. Rcg1 Qe7 $2 {[%mdl 8192] [#]} ({Better is} 29... Qf6 $14) 30. Ne5 $1 $18 Nxe5 31. dxe5 Be6 32. Qxe4 {Threatens to win with Qg6.} Qf7 $2 (32... Bxh3 33. Rxh3 Qe6) 33. f4 {White is clearly winning.} Rf8 34. Bxe6 Qxe6 35. Rg6 Rf6 {[#]} 36. Rxg7+ $1 {[%mdl 512]} Kxg7 37. exf6+ Kf7 38. Qh7+ Ke8 39. Rg1 {Precision: White = 63%, Black = 27%.} 1-0

[Event "8th RTU Open 2018"]
[Site "Riga"]
[Date "2018.08.11"]
[Round "8"]
[White "Carlsson, Pontus"]
[Black "Svane, Rasmus"]
[Result "1/2-1/2"]
[WhiteElo "2442"]
[BlackElo "2591"]
[Annotator "TA"]
[PlyCount "45"]
[EventDate "2018.08.06"]
[EventType "swiss"]
[EventCountry "LAT"]
[SourceTitle "playchess.com"]
[Source "ChessBase"]
[SourceQuality "1"]

{[%evp 21,45,0,7,0,0,0,10,0,3,-12,-17,-15,0,0,0,0,-12,-13,-1,-11,-2,0,0,-22,17,5]} 1. e4 e6 2. d4 d5 3. Nd2 c5 4. exd5 Qxd5 5. Ngf3 cxd4 6. Bc4 Qd8 7. O-O Nc6 8. Nb3 a6 {C07: French Tarrasch: 3...c5, 4 Ngf3 and 4 exd5 Qxd5} 9. Nbxd4 Nxd4 10. Nxd4 Qc7 11. Qe2 Bd6 {LiveBook: 46 Games. The position is equal.} 12. Nf3 {[%cal Bd4f3,Bf3g5,Bg5e4,Be4d6,Bd6c4,Bc4e3][%mdl 32]} (12. h3 Ne7 13. Be3 O-O 14. Rad1 b5 15. Bb3 Ng6 16. c4 bxc4 17. Qxc4 Bh2+ 18. Kh1 Qxc4 19. Bxc4 Bf4 20. Bxf4 {½-½ (20) Adams,M (2706)-Howell,D (2687) Hull 2018}) 12... Ne7 13. Bd3 b6 $146 ({Predecessor:} 13... Ng6 14. Re1 O-O 15. h4 Re8 16. Ng5 Nf8 {1-0 (38) Helmond,F (2135)-Sutmuller,J Netherlands 1995}) 14. h3 Bb7 15. Ng5 h6 16. Ne4 Bh2+ 17. Kh1 Bf4 18. Bxf4 Qxf4 19. Rad1 O-O 20. Nd6 $1 {[%cal Rd6b7]} Bd5 ({Don't blunder} 20... Qxd6 $2 {[#]} 21. Bh7+ $1 {[%mdl 512]} Kxh7 22. Rxd6 $18) 21. Nc4 Qc7 22. Qe5 Qb7 23. Ne3 1/2-1/2

[Event "8th RTU Open 2018"]
[Site "Riga"]
[Date "2018.08.11"]
[Round "8"]
[White "Duzhakov, Ilya"]
[Black "Quillan, Gary"]
[Result "0-1"]
[WhiteElo "2441"]
[BlackElo "2349"]
[Annotator "NA"]
[PlyCount "80"]
[EventDate "2018.08.06"]
[EventType "swiss"]
[EventCountry "LAT"]
[SourceTitle "playchess.com"]
[Source "ChessBase"]
[SourceQuality "1"]
[TimeControl "5400+30"]

1. d4 {[%emt 0:01:21]} e6 {[%emt 0:00:00]} 2. c4 {[%emt 0:00:25]} Nf6 {[%emt 0:00:00]} 3. Nf3 {[%emt 0:00:13]} c5 {[%emt 0:00:05]} 4. d5 {[%emt 0:00:09]} exd5 {[%emt 0:00:07]} 5. cxd5 {[%emt 0:00:07]} d6 {[%emt 0:00:05]} 6. Nc3 {[%emt 0:00:19]} g6 {[%emt 0:00:07]} 7. Bf4 {[%emt 0:00:20]} a6 {[%emt 0:00:26]} 8. a4 {[%emt 0:00:09]} Bg7 {[%emt 0:00:08]} 9. h3 {[%emt 0:00:27]} O-O {[%emt 0:00:11]} 10. e3 {[%emt 0:00:03]} Re8 {[%emt 0:00:16]} 11. Nd2 {[%emt 0:00:56]} Nbd7 {[%emt 0:00:33]} 12. Be2 {[%emt 0:01:17]} Ne5 {[%emt 0:00:33]} 13. O-O {[%emt 0:01:33]} Nfd7 {[%emt 0:00:25]} 14. Bg3 {[%emt 0:09:59]} f5 {[%emt 0:02:00]} 15. Re1 {[%emt 0:02:41]} b6 {[%emt 0:05:10]} 16. Qb3 {[%emt 0:08:03]} Rb8 {[%emt 0:16:32]} 17. e4 {[%emt 0:09:57]} Qg5 {[%emt 0:07:10]} 18. exf5 {[%emt 0:16:53]} Qxd2 {[%emt 0:12:09]} 19. Ne4 {[%emt 0:01:35]} Qb4 {[%emt 0:10:03]} 20. Qxb4 {[%emt 0:02:21]} cxb4 {[%emt 0:00:05]} 21. Nxd6 {[%emt 0:00:06]} Rf8 {[%emt 0:04:29]} 22. fxg6 {[%emt 0:00:52]} hxg6 {[%emt 0:06:00]} 23. Rac1 {[%emt 0:05:58]} Nc5 {[%emt 0:05:55]} 24. Nc4 {[%emt 0:05:17]} Nxc4 {[%emt 0:05:44]} 25. Bxc4 {[%emt 0:10:08]} Rb7 {[%emt 0:03:49]} 26. d6+ {[%emt 0:01:28]} Kh8 {[%emt 0:00:50]} 27. Bd5 {[%emt 0:02:29]} Rd7 {[%emt 0:02:07]} 28. Rc4 {[%emt 0:09:53]} g5 {[%emt 0:08:43]} 29. Bc6 {[%emt 0:03:25]} Rdf7 {[%emt 0:02:54]} 30. Re7 {[%emt 0:01:11]} a5 {[%emt 0:01:12]} 31. b3 {[%emt 0:00:47]} Bf6 {[%emt 0:02:02]} 32. Re3 {[%emt 0:00:27]} Bb7 {[%emt 0:00:41]} 33. Be8 {[%emt 0:00:06]} Rg7 {[%emt 0:01:15]} 34. Rxc5 {[%emt 0:04:25]} bxc5 {[%emt 0:00:07]} 35. d7 {[%emt 0:00:01]} Bd8 {[%emt 0:00:31]} 36. Be5 {[%emt 0:01:53]} Kg8 {[%emt 0:00:42]} 37. Rd3 {[%emt 0:00:18]} Re7 {[%emt 0:00:44]} 38. Bd6 {[%emt 0:00:27]} Re1+ {[%emt 0:00:38]} 39. Kh2 {[%emt 0:00:03]} Rxf2 {[%emt 0:00:30]} 40. Rg3 {[%emt 0:01:19]} Ree2 {[%emt 0:00:13]} 0-1

[Event "8th RTU Open 2018"]
[Site "Riga"]
[Date "2018.08.11"]
[Round "8"]
[White "Cruz Lledo, Pablo"]
[Black "Sawlin, Leonid"]
[Result "0-1"]
[WhiteElo "2432"]
[BlackElo "2346"]
[Annotator "TA"]
[PlyCount "42"]
[EventDate "2018.08.06"]
[EventType "swiss"]
[EventCountry "LAT"]
[SourceTitle "playchess.com"]
[Source "ChessBase"]
[SourceQuality "1"]

{[%evp 10,42,22,6,21,-15,-23,-20,-23,-54,0,-3,7,-112,-118,-127,-120,-168,-143,-179,-165,-193,-197,-202,-179,-238,-179,-255,-258,-264,-250,-282,-273,-275,-286]} 1. d4 d6 2. g3 Nf6 3. Bg2 Nbd7 4. Nf3 e5 5. O-O Be7 6. b3 {LiveBook: 5 Games. A46: 1 d4 Nf6 2 Nf3 e6: Torre, London and Colle Systems} (6. c4 O-O 7. Nc3 c6 8. e4 a6 9. a4 a5 10. h3 Re8 11. Be3 exd4 12. Nxd4 Nc5 13. Qc2 Qb6 14. Rad1 Bf8 15. Rfe1 g6 16. f4 Nfd7 17. Bf2 Qc7 18. Rd2 Nb6 19. b3 Bd7 20. Nf3 Na6 21. Na2 {½-½ (28) Jussupow,A (2602)-Hickl,J (2560) Switzerland 2016}) 6... c6 7. Bb2 {[%cal Rd4e5]} e4 8. Nfd2 {Black has an edge.} d5 9. c4 O-O (9... h5 $15) 10. Nc3 $146 ({Predecessor:} 10. cxd5 cxd5 11. Nc3 Nb6 12. f3 exf3 13. exf3 Bf5 14. Re1 Re8 {½-½ (49) Salvador,R (2472)-Facchetti,G (2164) Cesenatico 2010}) 10... Re8 11. f3 (11. e3 $11 {keeps the balance.}) 11... e3 $17 12. cxd5 exd2 13. dxc6 bxc6 {[%cal Bb7c6,Bc6c5][%mdl 32]} 14. Qxd2 Ba6 15. Rfe1 Bb4 16. a3 Bf8 17. Rad1 (17. Red1 $142) 17... Rb8 18. Qc2 {[#]} (18. b4 $142) 18... c5 $1 $19 19. Na4 {[%cal Ra4c5]} Qc8 20. Bh3 cxd4 21. Qxc8 Bxc8 {Precision: White = 26%, Black = 75%.} 0-1

[Event "8th RTU Open 2018"]
[Site "Riga"]
[Date "2018.08.11"]
[Round "8"]
[White "Pechac, Jergus"]
[Black "Esipenko, Andrey"]
[Result "0-1"]
[WhiteElo "2431"]
[BlackElo "2589"]
[Annotator "TA"]
[PlyCount "82"]
[EventDate "2018.08.06"]
[EventType "swiss"]
[EventCountry "LAT"]
[SourceTitle "playchess.com"]
[Source "ChessBase"]
[SourceQuality "1"]

{[%evp 15,82,36,32,0,0,0,0,0,12,0,-1,-33,-26,-56,-28,-18,-27,-24,-14,-22,-25,-31,-27,-25,-28,-56,-8,-19,-8,-8,-8,-8,-8,-8,-11,-70,-70,-71,-71,-71,-71,-195,-272,-256,-179,-193,-180,-169,-116,-145,-88,-88,-88,-88,-88,-88,-88,-88,0,-88,0,-36,-31,-88,-88,-88,-88,-5085,-5089]} 1. Nf3 d5 2. b3 Nf6 3. Bb2 Bf5 4. c4 (4. g3 e6 5. Bg2 Nbd7 6. c4 c6 7. O-O h6 8. d4 Be7 9. Nfd2 O-O 10. Nc3 a5 11. e3 Qb6 12. Qe2 Rfe8 13. Rfc1 Rad8 14. a3 Bf8 15. Qf1 Bg6 16. h3 Qa7 17. b4 axb4 18. axb4 {1-0 (123) Nakamura,H (2769)-Caruana,F (2816) Paris 2018}) 4... e6 5. Nh4 Bg6 6. e3 {A06: Zukertort-Eröffnung} Bd6 7. Nc3 $146 ({Vorgänger:} 7. Nxg6 hxg6 8. h3 Nbd7 9. a3 c6 10. Be2 Qe7 11. O-O e5 12. d3 e4 13. d4 dxc4 14. bxc4 {0-1 (68) Ranniku,M (2097)-Fomina,T (2269) Puhajarve 2001}) 7... c6 8. Be2 Nbd7 {LiveBook: 5 Partien} 9. d4 Ne4 10. Nxg6 Nxc3 11. Bxc3 hxg6 12. h3 a5 13. O-O f5 14. Qe1 Nf6 15. Bd3 Kf7 16. Rb1 b5 17. cxd5 (17. cxb5 cxb5 18. Bxb5 g5) 17... cxd5 18. b4 {[%cal Rb4a5]} Ne4 19. Bxe4 $1 ({Natürlich nicht} 19. bxa5 Rxh3 20. f4 (20. gxh3 $2 Qg5+ 21. Kh1 Rh8 22. Bxe4 Rxh3#) 20... Nxc3 $17) 19... dxe4 20. f4 {[%cal Rb4a5]} ({Ein No Go ist} 20. bxa5 Rxh3 $1 {[%mdl 512]} 21. f4 (21. gxh3 $2 {führt zum Matt.} Qg5+ 22. Kh1 Rh8 23. Rxb5 Rxh3#) 21... exf3 $3 $19 {[%mdl 512]}) 20... exf3 (20... a4 {looks sharper.} 21. a3 Rc8 22. Bb2 Be7 23. Qe2 Qd5) 21. Rxf3 {[%cal Rb4a5]} axb4 22. Bxb4 Rxa2 {Und weiter mit ...Dg5 wäre nett.} 23. Bxd6 Qxd6 $40 {[%mdl 128] Weiss muss sich nun genau verteidigen.} 24. Rxb5 Rc8 {Weiss muss nun ...Tcc2 beachten.} 25. Rb7+ (25. Qg3 $11 Qxg3 26. Rxg3) 25... Kf6 $1 $15 26. Kh1 {[#]} Rxg2 $1 {[%mdl 512]} 27. Kxg2 Rc2+ 28. Qf2 (28. Rf2 $17 Qd5+ 29. Kg1 Rxf2 30. Kxf2 Qxb7 31. Qc1) 28... Rxf2+ $19 29. Kxf2 {[%mdl 4096] Endspiel KD-KTT} g5 30. Kg2 Qc6 31. Rb2 Kg6 (31... Qe4 $19 32. Kf2 g4 33. hxg4 Qxg4) 32. Kg3 Qc1 ({Lieber} 32... Qc7+ 33. Kg2 Qc6) 33. Rg2 $17 Qd1 34. Kf2 {[#]} Kf6 $1 35. Kg3 Ke7 36. Kf2 Kf6 37. Kg3 Kg6 (37... Qh1 $17 38. Re2 Qg1+ 39. Rg2 Qh1) 38. Kf2 $1 $15 Qc2+ 39. Kf1 (39. Kg1 $15 Qe4 40. Rfg3) 39... Qe4 $17 40. Rfg3 Kf6 41. Rxg5 $2 {[%mdl 8192]} (41. Rf2 $17) 41... Qf3+ {Precision: Weiß = 58%, Schwarz = 86%.} 0-1

[Event "8th RTU Open 2018"]
[Site "Riga"]
[Date "2018.08.11"]
[Round "8"]
[White "Yankelevich, Lev"]
[Black "Ter Sahakyan, Samvel"]
[Result "1-0"]
[WhiteElo "2420"]
[BlackElo "2551"]
[Annotator "TA"]
[PlyCount "125"]
[EventDate "2018.08.06"]
[EventType "swiss"]
[EventCountry "LAT"]
[SourceTitle "playchess.com"]
[Source "ChessBase"]
[SourceQuality "1"]

{[%evp 19,125,14,20,8,4,0,0,-7,0,-18,-9,-17,-26,-68,-62,-45,-45,-37,-33,-33,-18,-27,-12,-39,-41,-47,0,0,12,14,56,56,68,66,75,75,64,57,75,75,70,72,80,0,65,0,89,0,0,0,0,-14,-13,-8,0,0,-6,-14,0,-14,0,-20,0,-28,-27,-29,27,22,29,0,0,-42,0,0,85,85,322,318,523,506,539,523,598,541,547,0,510,0,671,571,565,277,262,260,877,856,847,835,929,563,562,547,483,479,1387,984,29998,29999]} 1. d4 Nf6 2. c4 e6 3. Nf3 d5 4. g3 Bb4+ 5. Bd2 Be7 6. Bg2 O-O 7. O-O Nbd7 8. Qc2 Ne4 9. Bf4 c6 10. h4 {E08: Closed Catalan: Main Line: 7 Qc2} f5 {LiveBook: 3 Games} (10... Ndf6 11. Nbd2 Nxd2 12. Nxd2 Nh5 13. Be3 f5 14. Bf3 Qe8 15. Bg5 Nf6 16. e3 b6 17. Rac1 Ba6 {½-½ (43) Meier,G (2648)-Carlsen,M (2843) Karlsruhe/Baden-Baden 2018}) 11. Nc3 h6 12. Ne5 $146 {The position is equal.} ({Predecessor:} 12. Nxe4 dxe4 13. Ne5 g5 14. hxg5 hxg5 15. Nxd7 Bxd7 16. Be5 c5 17. dxc5 Bxc5 {½-½ (35) Hrubcik,M (2406)-Loisel,D (2142) ICCF email 2017}) 12... Nxe5 13. Bxe5 {[%cal Rc3e4]} Nd6 14. Bxd6 Bxd6 15. c5 Bc7 16. f4 b6 17. b4 g5 18. hxg5 hxg5 19. e3 $1 Rf7 20. Kf2 gxf4 21. exf4 Qf6 22. Qd2 Rg7 23. Rh1 Kf7 24. Bf3 Ba6 25. Rh3 bxc5 26. bxc5 Ke7 27. Be2 Bc8 28. Rah1 Bd7 29. Rh6 Rg6 30. Rh7+ Rg7 31. R7h6 Rg6 32. Rh7+ Rg7 33. R1h6 ({Better is} 33. Qe3 $16) 33... Qf7 $11 34. Rxg7 $1 Qxg7 35. Rh3 Rb8 36. Bf3 Kf8 37. Ne2 Bd8 38. Rh1 Bc8 39. Qd3 Bf6 40. Ke3 Rb5 41. Rc1 Qc7 42. g4 Rb2 (42... fxg4 $142 43. Bxg4 Rb2) 43. g5 Bg7 44. Rc2 (44. Qa3 $5 {[%cal Ra3b2]} Qb8 45. Rd1 $14) 44... Rb4 45. Rc3 Ra4 {[#] Hoping for ...Ba6.} (45... Bxd4+ $5 46. Nxd4 e5 $15) 46. Ra3 $36 {[%mdl 2048] White has the initiative.} Rc4 (46... Ba6 $11 {remains equal.} 47. Qc3 Rxa3 48. Qxa3 Bxe2 49. Bxe2 Bxd4+ 50. Kxd4 Qxf4+ 51. Kc3 Qe3+ 52. Bd3 e5) 47. Qd2 $16 e5 $2 (47... Ke7 $16) 48. fxe5 $18 Bxe5 $2 (48... Kg8 49. Kf2 Bf8) 49. dxe5 Qxe5+ 50. Kf2 Qh2+ 51. Kf1 Qh3+ 52. Kf2 $2 (52. Ke1 $18 {Black must now prevent Qb2.} Qh4+ 53. Kd1) 52... Qh4+ $2 {[%mdl 8192]} (52... Qh2+ $1 $11 {and Black has nothing to worry.} 53. Ke1 Qc7) 53. Kf1 $2 (53. Kg2 $18) 53... f4 $2 {[%mdl 8192]} (53... Qh3+ $11 54. Kg1 Rg4+ 55. Bxg4 Qxa3) 54. Bg2 Qxg5 55. Rf3 (55. Qb2 $142 Qg7 56. Qb8) 55... Ba6 56. Kg1 Qe7 $2 (56... Re4) 57. Nxf4 Qxc5+ 58. Rf2 {[#] Intending Ne6+ and mate.} Ke8 59. Qe1+ Kd7 60. Bh3+ Kd6 {And now ...Rc1 would win.} 61. Qe8 ({Much less strong is} 61. Qe6+ Kc7 $18) 61... Rc1+ (61... Qxf2+ $142 62. Kxf2 Rxf4+ 63. Kg3 Ra4 64. Qd7+ Kc5 65. Qxa7+ Kd6 66. Qd7+ Kc5 67. Qe7+ Kb6) 62. Kg2 {White threatens Qb8+ and mate.} Qc4 63. Qb8+ {Precision: White = 57%, Black = 37%.} 1-0

[Event "8th RTU Open 2018"]
[Site "Riga"]
[Date "2018.08.11"]
[Round "8"]
[White "Fenil, Shah"]
[Black "Dhulipalla, Bala Chandra Prasad"]
[Result "0-1"]
[WhiteElo "2412"]
[BlackElo "2333"]
[Annotator "NA"]
[PlyCount "220"]
[EventDate "2018.08.06"]
[EventType "swiss"]
[EventCountry "LAT"]
[SourceTitle "playchess.com"]
[Source "ChessBase"]
[SourceQuality "1"]
[TimeControl "5400+30"]

1. Nf3 {[%emt 0:00:00]} d5 {[%emt 0:05:28]} 2. g3 {[%emt 0:00:00]} Bg4 {[%emt 0:00:20]} 3. Bg2 {[%emt 0:00:00]} Nd7 {[%emt 0:00:34]} 4. h3 {[%emt 0:00:37]} Bh5 {[%emt 0:01:37]} 5. c4 {[%emt 0:01:37]} e6 {[%emt 0:00:29]} 6. O-O {[%emt 0:01:17]} c6 {[%emt 0:00:55]} 7. cxd5 {[%emt 0:02:53]} exd5 {[%emt 0:01:19]} 8. d4 {[%emt 0:00:29]} Bd6 {[%emt 0:01:56]} 9. Nc3 {[%emt 0:14:20]} Bxf3 {[%emt 0:19:51]} 10. Bxf3 {[%emt 0:01:28]} Ngf6 {[%emt 0:02:19]} 11. Rb1 {[%emt 0:02:42]} a5 {[%emt 0:00:45]} 12. a3 {[%emt 0:05:19]} O-O {[%emt 0:00:39]} 13. b4 {[%emt 0:03:42]} Qe7 {[%emt 0:09:30]} 14. bxa5 {[%emt 0:15:04]} Rfb8 {[%emt 0:02:58]} 15. Bd2 {[%emt 0:08:15]} Bxa3 {[%emt 0:09:17]} 16. Re1 {[%emt 0:07:51]} Bb4 {[%emt 0:11:05]} 17. e4 {[%emt 0:06:41]} dxe4 {[%emt 0:12:09]} 18. Nxe4 {[%emt 0:01:45]} Bxd2 {[%emt 0:00:10]} 19. Nxd2 {[%emt 0:00:43]} Qd8 {[%emt 0:01:14]} 20. Nc4 {[%emt 0:00:42]} Nd5 {[%emt 0:03:11]} 21. Rb3 {[%emt 0:04:18]} b5 {[%emt 0:01:41]} 22. axb6 {[%emt 0:01:39]} N5xb6 {[%emt 0:03:46]} 23. Qc2 {[%emt 0:07:44]} Nd5 {[%emt 0:04:46]} 24. Nd6 {[%emt 0:02:46]} Rxb3 {[%emt 0:00:39]} 25. Qxb3 {[%emt 0:00:01]} N7f6 {[%emt 0:01:09]} 26. Qb7 {[%emt 0:01:30]} Qf8 {[%emt 0:02:30]} 27. Qxc6 {[%emt 0:02:05]} Rd8 {[%emt 0:00:01]} 28. Nf5 {[%emt 0:04:25]} Qb4 {[%emt 0:01:18]} 29. Qc1 {[%emt 0:03:07]} g6 {[%emt 0:00:45]} 30. Bxd5 {[%emt 0:00:51]} Nxd5 {[%emt 0:00:11]} 31. Rf1 {[%emt 0:01:04]} Qb6 {[%emt 0:01:37]} 32. Rd1 {[%emt 0:00:31]} gxf5 {[%emt 0:00:18]} 33. Qg5+ {[%emt 0:00:00]} Kh8 {[%emt 0:00:16]} 34. Qxf5 {[%emt 0:00:01]} Qe6 {[%emt 0:00:32]} 35. Qg5 {[%emt 0:00:29]} Rg8 {[%emt 0:00:14]} 36. Qe5+ {[%emt 0:00:59]} Qxe5 {[%emt 0:01:17]} 37. dxe5 {[%emt 0:00:00]} Rd8 {[%emt 0:00:44]} 38. Rd4 {[%emt 0:00:47]} Rd7 {[%emt 0:00:34]} 39. Kg2 {[%emt 0:01:03]} Nf6 {[%emt 0:00:33]} 40. Rc4 {[%emt 0:00:15]} Nd5 {[%emt 0:00:19]} 41. Rd4 {[%emt 0:00:02]} Nf6 {[%emt 0:00:05]} 42. Rc4 {[%emt 0:00:01]} Ng8 {[%emt 0:00:04]} 43. Rc6 {[%emt 0:00:52]} Ne7 {[%emt 0:00:37]} 44. Ra6 {[%emt 0:00:38]} Rc7 {[%emt 0:00:10]} 45. Ra5 {[%emt 0:01:23]} Kg7 {[%emt 0:00:08]} 46. g4 {[%emt 0:00:31]} Rc4 {[%emt 0:01:45]} 47. f3 {[%emt 0:00:29]} Ng6 {[%emt 0:00:39]} 48. Kg3 Rc3 49. h4 {[%emt 0:01:02]} Re3 {[%emt 0:00:12]} 50. h5 {[%emt 0:00:01]} Rxe5 {[%emt 0:00:13]} 51. Ra6 {[%emt 0:00:04]} Nf8 {[%emt 0:00:29]} 52. h6+ {[%emt 0:01:18]} Kg8 {[%emt 0:00:01]} 53. Ra8 {[%emt 0:00:11]} Rd5 {[%emt 0:01:04]} 54. Rb8 {[%emt 0:00:43]} f6 {[%emt 0:00:31]} 55. f4 {[%emt 0:00:20]} Kf7 {[%emt 0:00:10]} 56. f5 {[%emt 0:00:23]} Nd7 {[%emt 0:00:52]} 57. Ra8 {[%emt 0:00:31]} Rd3+ {[%emt 0:00:26]} 58. Kh4 {[%emt 0:00:33]} Rd1 {[%emt 0:00:35]} 59. Rd8 {[%emt 0:00:50]} Rd2 {[%emt 0:01:10]} 60. g5 {[%emt 0:00:30]} fxg5+ {[%emt 0:00:29]} 61. Kxg5 {[%emt 0:00:01]} Rg2+ {[%emt 0:00:18]} 62. Kf4 {[%emt 0:00:24]} Nf6 {[%emt 0:00:39]} 63. Ra8 {[%emt 0:01:10]} Rf2+ {[%emt 0:00:27]} 64. Kg5 {[%emt 0:00:29]} Rg2+ {[%emt 0:01:07]} 65. Kf4 {[%emt 0:00:01]} Rf2+ {[%emt 0:00:01]} 66. Kg5 {[%emt 0:00:00]} Ng8 {[%emt 0:01:05]} 67. Ra6 {[%emt 0:01:17]} Rg2+ {[%emt 0:00:15]} 68. Kf4 {[%emt 0:00:01]} Rg1 {[%emt 0:00:51]} 69. Rd6 {[%emt 0:01:10]} Ne7 {[%emt 0:00:14]} 70. Rd7 {[%emt 0:00:31]} Rf1+ {[%emt 0:00:28]} 71. Kg4 {[%emt 0:00:13]} Rg1+ {[%emt 0:00:23]} 72. Kf4 {[%emt 0:00:02]} Ra1 {[%emt 0:00:35]} 73. Rb7 {[%emt 0:00:49]} Ra6 {[%emt 0:00:30]} 74. Kg5 {[%emt 0:00:19]} Rd6 {[%emt 0:00:11]} 75. Ra7 {[%emt 0:00:43]} Rf6 {[%emt 0:01:02]} 76. Ra5 {[%emt 0:00:03]} Rc6 {[%emt 0:00:15]} 77. Ra7 {[%emt 0:00:06]} Rc5 {[%emt 0:00:07]} 78. Kg4 {[%emt 0:00:21]} Kf6 {[%emt 0:00:01]} 79. Ra6+ {[%emt 0:01:54]} Rc6 {[%emt 0:00:05]} 80. Ra8 {[%emt 0:00:31]} Kf7 {[%emt 0:00:57]} 81. Kg5 {[%emt 0:00:30]} Rc5 {[%emt 0:00:16]} 82. Kg4 {[%emt 0:00:30]} Rxf5 {[%emt 0:00:09]} 83. Ra7 {[%emt 0:00:08]} Re5 {[%emt 0:00:18]} 84. Kf4 {[%emt 0:00:10]} Kf6 {[%emt 0:00:01]} 85. Ra8 {[%emt 0:00:44]} Rf5+ {[%emt 0:00:17]} 86. Kg4 {[%emt 0:00:06]} Rg5+ {[%emt 0:00:06]} 87. Kf4 {[%emt 0:00:34]} Ng6+ {[%emt 0:00:34]} 88. Ke4 {[%emt 0:00:39]} Rh5 {[%emt 0:00:02]} 89. Kf3 {[%emt 0:00:29]} Rxh6 {[%emt 0:00:28]} 90. Ra6+ {[%emt 0:00:03]} Kf5 {[%emt 0:00:06]} 91. Kg3 {[%emt 0:00:15]} Rh1 {[%emt 0:00:15]} 92. Ra5+ {[%emt 0:00:15]} Ne5 {[%emt 0:00:08]} 93. Ra8 {[%emt 0:00:08]} Rd1 {[%emt 0:00:29]} 94. Rf8+ {[%emt 0:00:10]} Kg5 {[%emt 0:00:09]} 95. Rg8+ {[%emt 0:00:18]} Ng6 {[%emt 0:00:06]} 96. Ra8 {[%emt 0:00:02]} Rd3+ {[%emt 0:00:07]} 97. Kf2 {[%emt 0:00:04]} h5 {[%emt 0:00:06]} 98. Ra4 {[%emt 0:00:13]} h4 {[%emt 0:00:07]} 99. Rb4 {[%emt 0:00:08]} Nf4 {[%emt 0:00:07]} 100. Rb8 {[%emt 0:00:03]} Nh3+ {[%emt 0:00:52]} 101. Kg2 {[%emt 0:00:03]} Kg4 {[%emt 0:00:08]} 102. Kh2 {[%emt 0:00:16]} Rd2+ {[%emt 0:00:28]} 103. Kh1 {[%emt 0:00:01]} Ng5 {[%emt 0:00:17]} 104. Rb1 {[%emt 0:00:52]} h3 {[%emt 0:00:40]} 105. Rg1+ {[%emt 0:00:09]} Kh4 {[%emt 0:00:01]} 106. Rf1 {[%emt 0:00:16]} Kg3 {[%emt 0:00:45]} 107. Rg1+ {[%emt 0:00:54]} Rg2 {[%emt 0:00:12]} 108. Rf1 {[%emt 0:00:10]} Rh2+ {[%emt 0:00:04]} 109. Kg1 {[%emt 0:00:02]} Re2 {[%emt 0:00:18]} 110. Kh1 {[%emt 0:00:18]} Nf3 {[%emt 0:00:22]} 0-1